| 000 | 00955naa a2200265 c 4500 | ||
|---|---|---|---|
| 001 | 43488 | ||
| 003 | ES-MaCES | ||
| 005 | 20121123144800.0 | ||
| 008 | 121123n2012 sp t 000 | spa d | ||
| 035 | _aCES20120011002v | ||
| 040 |
_aES-MaCES _bspa _cES-MaCES |
||
| 100 | 1 |
_aBarrio Calle, María Asunción _97180 |
|
| 245 | 1 | 3 |
_aLa nueva ordenación sobre despidos colectivos _b: cuestiones candentes _cMª Asunción Barrio Calle |
| 500 | _aResumen en español e inglés | ||
| 650 | 4 |
_aEspaña _926964 |
|
| 650 | 4 |
_aprocedimiento administrativo _930919 |
|
| 650 | 4 |
_adespido por causas objetivas _931585 |
|
| 650 | 4 |
_amercado de trabajo _928292 |
|
| 650 | 4 |
_adespido colectivo _928359 |
|
| 653 | 1 | 0 | _aRelaciones laborales-Empleo |
| 773 | 0 |
_tAranzadi social _gn. 5 (sept. 2012){10650 R. 082310}; p. 189-211 _w(ES-MaCES)25655 _967552 |
|
| 902 | _aART Artículo de revista | ||
| 942 |
_2CES _cAR _h2.0. |
||
| 999 |
_c43488 _d43488 |
||